[Event "71. Campeonato de Bulgaria"]
[Site "Pernik BUL"]
[Date "2007.03.13"]
[Round "5.1"]
[White "Tsvetkov, Ilia"]
[Black "Drenchev, Petar"]
[Result "0-1"]
[WhiteElo "2324"]
[BlackElo "2430"]
[PlyCount "112"]
[EventDate "2007.03.10"]
[EventType "tourn"]
[EventRounds "13"]
[EventCountry "BUL"]
[EventCategory "6"]
[Source "lmi"]
[SourceDate "2007.03.10"]

1. d4 d5 2. Nf3 Nf6 3. c4 c6 4. cxd5 cxd5 5. Nc3 Nc6 6. Bf4 Bf5 7. e3 e6 8. Bb5
Nd7 9. Qa4 Rc8 10. O-O a6 11. Bxc6 Rxc6 12. Rfc1 Be7 13. Nd1 b5 14. Qb3 Rc4 15.
Nd2 g5 16. Bg3 h5 17. f3 h4 18. Bf2 Rxc1 19. Rxc1 Nb6 20. e4 Bg6 21. Qc3 O-O
22. Qa5 Nc4 23. Nxc4 bxc4 24. Qxa6 dxe4 25. Qxc4 Qa8 26. Ne3 Rd8 27. Ng4 exf3
28. gxf3 Qxf3 29. Ne5 Qf5 30. Qc7 Bf6 31. Rf1 h3 32. Nxg6 Qxg6 33. Qg3 g4 34.
Qf4 Rd5 35. Be3 Rf5 36. Qb8+ Kg7 37. Rxf5 Qxf5 38. Qf4 Qxf4 39. Bxf4 Bxd4+ 40.
Kf1 Bxb2 41. a4 e5 42. Bg3 Bc3 43. a5 Bxa5 44. Bxe5+ Kg6 45. Kg1 Kf5 46. Bb8
Ke4 47. Ba7 Kf3 48. Kh1 Bd2 49. Bf2 Ke2 50. Bh4 f5 51. Bg3 f4 52. Bh4 Be1 53.
Bf2 f3 54. Bd4 g3 55. hxg3 Bf2 56. Bc3 Be3 0-1

[Event "71. Campeonato de Bulgaria"]
[Site "Pernik BUL"]
[Date "2007.03.13"]
[Round "5.2"]
[White "Pantev, Veselin"]
[Black "Nikolov, Momchil"]
[Result "1/2-1/2"]
[WhiteElo "2325"]
[BlackElo "2425"]
[PlyCount "114"]
[EventDate "2007.03.10"]
[EventType "tourn"]
[EventRounds "13"]
[EventCountry "BUL"]
[EventCategory "6"]
[Source "lmi"]
[SourceDate "2007.03.10"]

1. Nf3 Nf6 2. d4 d5 3. g3 Bf5 4. Bg2 c6 5. O-O e6 6. b3 h6 7. Bb2 Nbd7 8. c4
Be7 9. Nbd2 O-O 10. Ne5 a5 11. a3 Bh7 12. Re1 Qb6 13. c5 Qc7 14. Nxd7 Nxd7 15.
e4 dxe4 16. Nxe4 Rad8 17. Qf3 Bxe4 18. Qxe4 Nf6 19. Qc2 Rd7 20. b4 Nd5 21. Qa4
axb4 22. axb4 b5 23. Qb3 Bf6 24. Ra6 Ne7 25. d5 Nxd5 26. Bxf6 gxf6 27. h4 Kh7
28. Qb2 Rg8 29. Rea1 Rg4 30. Ra7 Qxa7 31. Rxa7 Rxa7 32. Bxd5 cxd5 33. Qxf6 Rxb4
34. Qd8 Rc4 35. Qb6 Ra1+ 36. Kg2 Rac1 37. Qc7 Kg8 38. Qb8+ Kg7 39. Qe5+ Kf8 40.
Qh8+ Ke7 41. Qxh6 Rxc5 42. Qg5+ f6 43. Qg7+ Kd6 44. Qxf6 Rc8 45. h5 R1c7 46.
Qd4 Rb8 47. Qb4+ Kd7 48. h6 Rc4 49. Qb2 b4 50. h7 Rcc8 51. g4 Rh8 52. Qg7+ Kd6
53. f4 b3 54. Qe5+ Kd7 55. Qg7+ Kc6 56. Qc3+ Kd7 57. Qg7+ Kc6 1/2-1/2

[Event "71. Campeonato de Bulgaria"]
[Site "Pernik BUL"]
[Date "2007.03.13"]
[Round "5.3"]
[White "Rusev, Krasimir"]
[Black "Genov, Petar"]
[Result "1/2-1/2"]
[WhiteElo "2453"]
[BlackElo "2489"]
[PlyCount "61"]
[EventDate "2007.03.10"]
[EventType "tourn"]
[EventRounds "13"]
[EventCountry "BUL"]
[EventCategory "6"]
[Source "lmi"]
[SourceDate "2007.03.10"]

1. d4 Nf6 2. c4 e6 3. Nc3 Bb4 4. Qc2 O-O 5. a3 Bxc3+ 6. Qxc3 b6 7. Bg5 Bb7 8.
e3 d6 9. Ne2 Nbd7 10. Qd3 Ba6 11. Nc3 d5 12. Qc2 Bxc4 13. Bxc4 dxc4 14. Qa4 c5
15. Rd1 Qe7 16. O-O cxd4 17. Rxd4 e5 18. Rxc4 Qe6 19. Rc6 Qf5 20. Bh4 Nc5 21.
Qc4 Nfe4 22. Nxe4 Nxe4 23. Rd1 Qh5 24. f3 Qxh4 25. Qxe4 Qxe4 26. fxe4 Rac8 27.
Rxc8 Rxc8 28. Rd7 g6 29. b4 a5 30. bxa5 bxa5 31. Ra7 1/2-1/2

[Event "71. Campeonato de Bulgaria"]
[Site "Pernik BUL"]
[Date "2007.03.13"]
[Round "5.4"]
[White "Serafimov, Tervel"]
[Black "Nikolov, Sasho"]
[Result "1/2-1/2"]
[WhiteElo "2396"]
[BlackElo "2380"]
[PlyCount "49"]
[EventDate "2007.03.10"]
[EventType "tourn"]
[EventRounds "13"]
[EventCountry "BUL"]
[EventCategory "6"]
[Source "lmi"]
[SourceDate "2007.03.10"]

1. c4 g6 2. g3 Bg7 3. Bg2 Nf6 4. Nc3 O-O 5. e3 c6 6. Nge2 d6 7. O-O a6 8. d3
Ne8 9. Rb1 Nc7 10. b4 b5 11. cxb5 axb5 12. a4 bxa4 13. b5 a3 14. b6 Nb5 15.
Rxb5 a2 16. Bb2 a1=Q 17. Bxa1 Rxa1 18. Qxa1 cxb5 19. Qa7 Bg4 20. Rb1 Qc8 21.
Qc7 Qxc7 22. bxc7 Na6 23. Rxb5 Nxc7 24. Rb7 Rc8 25. d4 1/2-1/2

[Event "71. Campeonato de Bulgaria"]
[Site "Pernik BUL"]
[Date "2007.03.13"]
[Round "5.5"]
[White "Chatalbashev, Boris"]
[Black "Yordanov, Nikolay"]
[Result "1-0"]
[WhiteElo "2541"]
[BlackElo "2237"]
[PlyCount "117"]
[EventDate "2007.03.10"]
[EventType "tourn"]
[EventRounds "13"]
[EventCountry "BUL"]
[EventCategory "6"]
[Source "lmi"]
[SourceDate "2007.03.10"]

1. d4 d5 2. c4 c6 3. Nf3 Nf6 4. e3 a6 5. Bd3 Bg4 6. Nbd2 e6 7. Qc2 Nbd7 8. O-O
Bd6 9. b3 c5 10. Bb2 Rc8 11. Ne5 Bh5 12. Rac1 cxd4 13. exd4 Ng4 14. Nxg4 Bxg4
15. f4 Qf6 16. Rce1 h5 17. Nf3 Bxf4 18. g3 Bd6 19. Ne5 Bxe5 20. Rxf6 Bxf6 21.
Qg2 dxc4 22. bxc4 O-O 23. h3 Bf5 24. Bxf5 exf5 25. Qxb7 Rfd8 26. Qxa6 Ra8 27.
Qb7 Rxa2 28. Qb3 Raa8 29. Qc2 Rab8 30. Ba1 Ra8 31. Bc3 Nb6 32. Qb3 Nxc4 33.
Qxc4 Rac8 34. Qb5 Rxc3 35. Re8+ Rxe8 36. Qxe8+ Kh7 37. d5 Rxg3+ 38. Kh2 Rd3 39.
Qxf7 Kh6 40. Qe6 f4 41. Qf5 Rd4 42. Kg2 Bg5 43. Kf3 Rc4 44. Qd3 Rc8 45. d6 Re8
46. Qd4 Re3+ 47. Kg2 Re2+ 48. Kf1 Rh2 49. Qd3 Bh4 50. d7 Rf2+ 51. Kg1 Rb2 52.
Qd4 Rb1+ 53. Kg2 Bg5 54. h4 Bxh4 55. Qxf4+ Bg5 56. Qxg5+ Kxg5 57. d8=Q+ Kh6 58.
Qd2+ g5 59. Qd6+ 1-0

[Event "71. Campeonato de Bulgaria"]
[Site "Pernik BUL"]
[Date "2007.03.13"]
[Round "5.6"]
[White "Kozhuharov, Spas"]
[Black "Milchev, Nikolay"]
[Result "0-1"]
[WhiteElo "2426"]
[BlackElo "2348"]
[PlyCount "100"]
[EventDate "2007.03.10"]
[EventType "tourn"]
[EventRounds "13"]
[EventCountry "BUL"]
[EventCategory "6"]
[Source "lmi"]
[SourceDate "2007.03.10"]

1. d4 Nf6 2. c4 e6 3. Nc3 d5 4. cxd5 exd5 5. Bg5 Be7 6. e3 O-O 7. Bd3 Nbd7 8.
Qc2 c6 9. Nge2 Re8 10. O-O Nf8 11. Rab1 g6 12. b4 a6 13. a4 Ne6 14. Bh4 Ng7 15.
b5 axb5 16. axb5 Bf5 17. bxc6 bxc6 18. Nc1 Bd6 19. Bxf6 Qxf6 20. Na4 h5 21. Rb6
Rac8 22. Nc5 h4 23. Bxf5 Nxf5 24. Nd7 Qd8 25. Rb7 Bc7 26. Ne5 Bxe5 27. dxe5
Rxe5 28. Nd3 Re7 29. Rxe7 Qxe7 30. h3 c5 31. Rd1 d4 32. exd4 Nxd4 33. Qb2 Qd6
34. Kh1 c4 35. Ne1 c3 36. Qb7 Qc6 37. Qxc6 Nxc6 38. Nc2 Ne5 39. Ne3 Kg7 40. Kg1
Nc4 41. Nxc4 Rxc4 42. Kf1 Kf6 43. Ke2 Ke5 44. Rc1 Ke4 45. Re1 Ra4 46. f3+ Kd4
47. Rd1+ Kc4 48. Rd7 Ra2+ 49. Ke3 Rxg2 50. Rxf7 Kb3 0-1

[Event "71. Campeonato de Bulgaria"]
[Site "Pernik BUL"]
[Date "2007.03.14"]
[Round "6.1"]
[White "Drenchev, Petar"]
[Black "Bojchev, Marian"]
[Result "1/2-1/2"]
[WhiteElo "2430"]
[BlackElo "2366"]
[PlyCount "89"]
[EventDate "2007.03.10"]
[EventType "tourn"]
[EventRounds "13"]
[EventCountry "BUL"]
[EventCategory "6"]
[Source "lmi"]
[SourceDate "2007.03.10"]

1. c4 c5 2. Nc3 Nc6 3. g3 g6 4. Bg2 Bg7 5. d3 e6 6. Bf4 d6 7. Nf3 Nge7 8. O-O
O-O 9. Rb1 Rb8 10. Qc1 a6 11. a3 b5 12. cxb5 axb5 13. b4 e5 14. Bh6 cxb4 15.
axb4 d5 16. Bxg7 Kxg7 17. e4 d4 18. Nd5 f6 19. Nxe7 Nxe7 20. Qc5 Be6 21. Rfc1
Rb7 22. Nd2 Qd7 23. Qc2 Rc8 24. Qd1 Rbc7 25. Rxc7 Qxc7 26. Nb3 Bxb3 27. Qxb3
Qc2 28. Qxc2 Rxc2 29. Kf1 Rd2 30. Rb3 Nc6 31. Bh3 Rc2 32. Bd7 Rc3 33. Rb2 Kf7
34. Ke2 Ke7 35. Bxc6 Rxc6 36. Ra2 h5 37. Ra5 Rc2+ 38. Ke1 Rb2 39. Rxb5 Rb1+ 40.
Ke2 Rb2+ 41. Ke1 Rb1+ 42. Kd2 Rb2+ 43. Ke1 Rb1+ 44. Ke2 Rb2+ 45. Ke1 1/2-1/2

[Event "71. Campeonato de Bulgaria"]
[Site "Pernik BUL"]
[Date "2007.03.14"]
[Round "6.2"]
[White "Milchev, Nikolay"]
[Black "Dimitrov, Vladimir"]
[Result "1/2-1/2"]
[WhiteElo "2348"]
[BlackElo "2462"]
[PlyCount "20"]
[EventDate "2007.03.10"]
[EventType "tourn"]
[EventRounds "13"]
[EventCountry "BUL"]
[EventCategory "6"]
[Source "lmi"]
[SourceDate "2007.03.10"]

1. c4 b6 2. Nf3 Bb7 3. g3 Bxf3 4. exf3 c5 5. Bg2 Nc6 6. O-O g6 7. f4 Bg7 8. d3
e6 9. Nc3 Bxc3 10. bxc3 Rc8 1/2-1/2

[Event "71. Campeonato de Bulgaria"]
[Site "Pernik BUL"]
[Date "2007.03.14"]
[Round "6.3"]
[White "Yordanov, Nikolay"]
[Black "Kozhuharov, Spas"]
[Result "0-1"]
[WhiteElo "2237"]
[BlackElo "2426"]
[PlyCount "94"]
[EventDate "2007.03.10"]
[EventType "tourn"]
[EventRounds "13"]
[EventCountry "BUL"]
[EventCategory "6"]
[Source "lmi"]
[SourceDate "2007.03.10"]

1. e4 c5 2. Nf3 d6 3. d4 Nf6 4. Nc3 cxd4 5. Nxd4 Nc6 6. Bg5 e6 7. Qd2 Be7 8.
O-O-O Nxd4 9. Qxd4 O-O 10. f4 Qa5 11. e5 dxe5 12. Qxe5 Qb6 13. Be2 Bd7 14. f5
Rac8 15. Rd3 Rfe8 16. fxe6 Bxe6 17. Be3 Bc5 18. Bxc5 Rxc5 19. Qd4 Rec8 20. Rhd1
h6 21. Kb1 Qc7 22. Qd6 Qxd6 23. Rxd6 Kf8 24. Rd8+ Ke7 25. Rxc8 Bxc8 26. Rd3 Re5
27. b4 Bf5 28. Rd2 Ne4 29. Nxe4 Bxe4 30. g3 f5 31. Kb2 g5 32. c4 b6 33. Kc3 Bc6
34. Bd3 Ke6 35. Kd4 f4 36. gxf4 gxf4 37. Rc2 f3 38. b5 Bb7 39. a4 Kd6 40. a5
Rg5 41. a6 Ba8 42. Rc1 Rg4+ 43. Kc3 f2 44. Rc2 Rg2 45. h3 Be4 46. c5+ Kc7 47.
Kb4 f1=Q 0-1

[Event "71. Campeonato de Bulgaria"]
[Site "Pernik BUL"]
[Date "2007.03.14"]
[Round "6.4"]
[White "Nikolov, Sasho"]
[Black "Chatalbashev, Boris"]
[Result "0-1"]
[WhiteElo "2380"]
[BlackElo "2541"]
[PlyCount "78"]
[EventDate "2007.03.10"]
[EventType "tourn"]
[EventRounds "13"]
[EventCountry "BUL"]
[EventCategory "6"]
[Source "lmi"]
[SourceDate "2007.03.10"]

1. d4 c5 2. d5 g6 3. e4 Bg7 4. Nf3 d6 5. Be2 Nf6 6. Nc3 O-O 7. O-O Na6 8. Re1
Nc7 9. Bf1 Bg4 10. h3 Bxf3 11. Qxf3 a6 12. a4 b6 13. Ra3 Rb8 14. Rb3 Qd7 15.
Bf4 b5 16. axb5 axb5 17. e5 Nh5 18. exd6 exd6 19. Bg5 c4 20. Rb4 f6 21. Bd2 f5
22. Ra1 Ra8 23. Rxa8 Rxa8 24. g4 Nf6 25. gxf5 gxf5 26. b3 Na6 27. Rxb5 Ne4 28.
Nxe4 fxe4 29. Qxe4 Qxb5 30. Bxc4 Qd7 31. Qh4 Be5 32. b4 Nc7 33. Bd3 Nb5 34. c4
Nd4 35. Be4 Kh8 36. c5 Rg8+ 37. Kh1 Ne2 38. Bg2 Qf5 39. f4 Nxf4 0-1

[Event "71. Campeonato de Bulgaria"]
[Site "Pernik BUL"]
[Date "2007.03.14"]
[Round "6.5"]
[White "Genov, Petar"]
[Black "Serafimov, Tervel"]
[Result "1-0"]
[WhiteElo "2489"]
[BlackElo "2396"]
[PlyCount "115"]
[EventDate "2007.03.10"]
[EventType "tourn"]
[EventRounds "13"]
[EventCountry "BUL"]
[EventCategory "6"]
[Source "lmi"]
[SourceDate "2007.03.10"]

1. d4 g6 2. c4 Bg7 3. e4 d6 4. Nc3 c6 5. Be3 Nf6 6. f3 a6 7. a4 O-O 8. Bd3 Nfd7
9. Qd2 c5 10. d5 Ne5 11. Be2 Qa5 12. h3 b5 13. cxb5 c4 14. b6 Nbd7 15. Nb1 c3
16. Nxc3 Nxb6 17. Nb1 Nbc4 18. Qxa5 Nxa5 19. Nd2 Rb8 20. Ra2 Nb3 21. Nc4 Nxc4
22. Bxc4 Na5 23. Bd3 e6 24. Ne2 exd5 25. exd5 Bb7 26. Nc3 Bxc3+ 27. bxc3 Bxd5
28. Rd2 Bc4 29. O-O Rb3 30. Bh6 Re8 31. Rc1 f5 32. Bf4 Rb6 33. Rcd1 Rc8 34.
Bxd6 Bb3 35. Bb4 Nc6 36. Bc5 Bxd1 37. Bxb6 Bxa4 38. Bxa6 Rb8 39. Bc4+ Kg7 40.
Rd7+ Kh8 41. Be3 Bb3 42. Bf4 Rb6 43. Bxb3 Rxb3 44. Bh6 Rb8 45. Bg7+ Kg8 46. Bf6
h5 47. Rg7+ Kf8 48. Rxg6 Kf7 49. Rh6 Rb1+ 50. Kh2 f4 51. Rxh5 Kg6 52. Rc5 Nb8
53. Bd4 Nd7 54. Rc7 Nf8 55. Rc6+ Kg5 56. h4+ Kh5 57. Bg7 Ng6 58. Rc5+ 1-0

[Event "71. Campeonato de Bulgaria"]
[Site "Pernik BUL"]
[Date "2007.03.14"]
[Round "6.6"]
[White "Nikolov, Momchil"]
[Black "Rusev, Krasimir"]
[Result "1/2-1/2"]
[WhiteElo "2425"]
[BlackElo "2453"]
[PlyCount "22"]
[EventDate "2007.03.10"]
[EventType "tourn"]
[EventRounds "13"]
[EventCountry "BUL"]
[EventCategory "6"]
[Source "lmi"]
[SourceDate "2007.03.10"]

1. e4 e5 2. Nf3 Nf6 3. Nxe5 d6 4. Nf3 Nxe4 5. Qe2 Qe7 6. d3 Nf6 7. Bg5 Qxe2+ 8.
Bxe2 Be7 9. Nc3 c6 10. d4 Bf5 11. O-O-O Nbd7 1/2-1/2

[Event "71. Campeonato de Bulgaria"]
[Site "Pernik BUL"]
[Date "2007.03.14"]
[Round "6.7"]
[White "Tsvetkov, Ilia"]
[Black "Pantev, Veselin"]
[Result "0-1"]
[WhiteElo "2324"]
[BlackElo "2325"]
[PlyCount "138"]
[EventDate "2007.03.10"]
[EventType "tourn"]
[EventRounds "13"]
[EventCountry "BUL"]
[EventCategory "6"]
[Source "lmi"]
[SourceDate "2007.03.10"]

1. c4 c5 2. Nf3 Nf6 3. Nc3 b6 4. g3 Bb7 5. Bg2 e6 6. O-O Be7 7. d4 cxd4 8. Qxd4
d6 9. Rd1 a6 10. b3 Nbd7 11. e4 Qc7 12. Ba3 Nc5 13. e5 dxe5 14. Qxe5 Rc8 15.
Qxc7 Rxc7 16. Bc1 Ncd7 17. Bb2 Rg8 18. Ng5 Bxg2 19. Kxg2 Nc5 20. f3 h6 21. Nge4
Nfxe4 22. Nxe4 Nxe4 23. fxe4 f6 24. Rd3 Kf7 25. Rad1 Rgc8 26. Rd7 Ke8 27. Rxc7
Rxc7 28. Kf3 h5 29. h3 b5 30. Rc1 bxc4 31. Rxc4 Rxc4 32. bxc4 Bc5 33. g4 hxg4+
34. hxg4 Kf7 35. Bc3 g6 36. Bb2 Ke7 37. Kf4 Kf7 38. Bc3 Ke7 39. Ba1 e5+ 40.
Bxe5 fxe5+ 41. Kxe5 Be3 42. a4 a5 43. Kd5 g5 44. Kc6 Ke6 45. Kb5 Bd2 46. c5 Kd7
47. Kb6 Be3 48. Kb5 Bd4 49. Kb6 Bf2 50. Kb5 Be3 51. Kb6 Bd4 52. Kb5 Kc7 53. Kc4
Bf6 54. Kb5 Be7 55. e5 Bf8 56. e6 Be7 57. Kxa5 Bxc5 58. Kb5 Ba7 59. Kc4 Kd6 60.
e7 Kxe7 61. Kd5 Kd7 62. Ke5 Be3 63. Ke4 Bf4 64. Kd5 Kc7 65. Kc5 Kb7 66. Kb5 Ka7
67. Ka5 Bd2+ 68. Kb5 Kb7 69. Kc4 Ka6 0-1

[Event "71. Campeonato de Bulgaria"]
[Site "Pernik BUL"]
[Date "2007.03.15"]
[Round "7.1"]
[White "Pantev, Veselin"]
[Black "Drenchev, Petar"]
[Result "1/2-1/2"]
[WhiteElo "2325"]
[BlackElo "2430"]
[PlyCount "35"]
[EventDate "2007.03.10"]
[EventType "tourn"]
[EventRounds "13"]
[EventCountry "BUL"]
[EventCategory "6"]
[Source "lmi"]
[SourceDate "2007.03.10"]

1. Nf3 d5 2. b3 Bg4 3. Bb2 Nf6 4. e3 Nbd7 5. Be2 e6 6. h3 Bh5 7. c4 c6 8. O-O
Bd6 9. d4 Ne4 10. Nfd2 Bg6 11. Nxe4 Bxe4 12. Nd2 Bg6 13. Bf3 Nf6 14. Qc1 Qe7
15. Re1 Ne4 16. a4 Nxd2 17. Qxd2 O-O 18. Bc3 1/2-1/2

[Event "71. Campeonato de Bulgaria"]
[Site "Pernik BUL"]
[Date "2007.03.15"]
[Round "7.2"]
[White "Rusev, Krasimir"]
[Black "Tsvetkov, Ilia"]
[Result "1/2-1/2"]
[WhiteElo "2453"]
[BlackElo "2324"]
[PlyCount "195"]
[EventDate "2007.03.10"]
[EventType "tourn"]
[EventRounds "13"]
[EventCountry "BUL"]
[EventCategory "6"]
[Source "lmi"]
[SourceDate "2007.03.10"]

1. d4 d5 2. Nf3 Nf6 3. c4 c6 4. Nc3 e6 5. Bg5 Nbd7 6. cxd5 exd5 7. e3 Be7 8.
Bd3 O-O 9. Qc2 Re8 10. O-O Nf8 11. h3 Be6 12. Rab1 Ng6 13. b4 Rc8 14. Rfc1 Nd7
15. Bxe7 Qxe7 16. a4 Ndf8 17. b5 c5 18. dxc5 Rxc5 19. Qb2 Nh4 20. Nxh4 Qxh4 21.
Ne2 Rec8 22. Rxc5 Rxc5 23. Nf4 b6 24. Qd4 Qe7 25. Rd1 Nd7 26. Be2 Qf6 27. Qb4
g5 28. Nh5 Qc3 29. Qxc3 Rxc3 30. a5 Kf8 31. axb6 axb6 32. Ra1 Rb3 33. g4 f5 34.
Ra7 Rb2 35. gxf5 Bxf5 36. Bg4 Bxg4 37. hxg4 Ke7 38. Ng7 Rxb5 39. Nf5+ Kd8 40.
Nd4 Rb1+ 41. Kg2 h6 42. Ra8+ Kc7 43. Rh8 b5 44. Rxh6 b4 45. f4 b3 46. Rc6+ Kd8
47. Nxb3 Rxb3 48. Rd6 Rd3 49. Re6 Nc5 50. Re5 gxf4 51. exf4 Ne4 52. Kf1 Kd7 53.
Ke2 Rd2+ 54. Ke1 Rd3 55. Ke2 Nc5 56. Rh5 Rd4 57. Ke3 Re4+ 58. Kf3 Kd6 59. Rh6+
Re6 60. Rh8 Re1 61. Rh6+ Re6 62. Rh8 Nd7 63. g5 d4 64. f5 Re1 65. Kf4 d3 66.
Rh2 Nc5 67. g6 Rf1+ 68. Ke3 Rxf5 69. g7 Rg5 70. Rh6+ Ne6 71. Kxd3 Rxg7 72. Rh8
Rg3+ 73. Ke4 Rg4+ 74. Ke3 Ng5 75. Rf8 Ke5 76. Re8+ Ne6 77. Kd3 Kf5 78. Ke3 Rg3+
79. Kf2 Ra3 80. Re7 Ke5 81. Rb7 Ke4 82. Re7 Ke5 83. Rb7 Ng5 84. Ke2 Ne4 85.
Re7+ Kd5 86. Rd7+ Nd6 87. Rh7 Nf5 88. Kd2 Ke4 89. Rd7 Ra8 90. Rb7 Rd8+ 91. Kc3
Rd3+ 92. Kb4 Ne3 93. Kb5 Rc3 94. Rh7 Nd5 95. Ka4 Rc1 96. Rh8 Kd3 97. Rh3+ Kd4
98. Kb5 1/2-1/2

[Event "71. Campeonato de Bulgaria"]
[Site "Pernik BUL"]
[Date "2007.03.15"]
[Round "7.3"]
[White "Serafimov, Tervel"]
[Black "Nikolov, Momchil"]
[Result "0-1"]
[WhiteElo "2396"]
[BlackElo "2425"]
[PlyCount "60"]
[EventDate "2007.03.10"]
[EventType "tourn"]
[EventRounds "13"]
[EventCountry "BUL"]
[EventCategory "6"]
[Source "lmi"]
[SourceDate "2007.03.10"]

1. g3 Nf6 2. Bg2 c5 3. f4 d5 4. Nf3 g6 5. O-O Bg7 6. d3 O-O 7. Nc3 d4 8. Nb5
Nd5 9. Na3 Nc6 10. Nc4 b5 11. Nce5 Bb7 12. Nxc6 Bxc6 13. Ne5 Bxe5 14. fxe5 Nb4
15. Bxc6 Nxc6 16. Bh6 Re8 17. e6 f6 18. e4 Ne5 19. Bf4 Qd6 20. Bxe5 Qxe5 21.
Qg4 Rac8 22. Rf4 c4 23. Raf1 Kg7 24. h4 Rc6 25. h5 Qxe6 26. Qh4 cxd3 27. cxd3
g5 28. h6+ Kg6 29. Rg4 Rec8 30. e5 Qxe5 0-1

[Event "71. Campeonato de Bulgaria"]
[Site "Pernik BUL"]
[Date "2007.03.15"]
[Round "7.5"]
[White "Kozhuharov, Spas"]
[Black "Nikolov, Sasho"]
[Result "1/2-1/2"]
[WhiteElo "2426"]
[BlackElo "2380"]
[PlyCount "108"]
[EventDate "2007.03.10"]
[EventType "tourn"]
[EventRounds "13"]
[EventCountry "BUL"]
[EventCategory "6"]
[Source "lmi"]
[SourceDate "2007.03.10"]

1. e4 c5 2. Nf3 e6 3. d4 cxd4 4. Nxd4 Nc6 5. Nc3 Qc7 6. Be3 a6 7. Qd2 b5 8.
O-O-O Nf6 9. Bf4 Qb6 10. Nb3 Ng4 11. h3 Nge5 12. Be3 Qc7 13. f4 Nc4 14. Bxc4
bxc4 15. Nc5 Rb8 16. N5a4 Be7 17. Bc5 Bxc5 18. Nxc5 O-O 19. Qd6 Qb6 20. N5a4
Qe3+ 21. Kb1 f5 22. exf5 Rxf5 23. Rhf1 Qg3 24. Rd2 h6 25. Rf3 Qh2 26. a3 a5 27.
Rf1 Qg3 28. Re2 Kh7 29. Ka2 Ra8 30. Rf3 Qg6 31. g4 Rf7 32. Nb6 Ra6 33. Nxc8
Nb4+ 34. axb4 Rxd6 35. Nxd6 axb4 36. Nxf7 Qxf7 37. Na4 Qf8 38. b3 Qd6 39. Rff2
Qc6 40. f5 cxb3+ 41. cxb3 Qh1 42. fxe6 dxe6 43. Re3 Kg8 44. Rfe2 Kh7 45. Nb6
Qc1 46. Rxe6 Qa3+ 47. Kb1 Qxb3+ 48. Kc1 Qxh3 49. R6e4 Qc3+ 50. Kb1 Qd3+ 51. Kb2
Qa3+ 52. Kb1 Qb3+ 53. Kc1 Qc3+ 54. Kb1 Qb3+ 1/2-1/2

[Event "71. Campeonato de Bulgaria"]
[Site "Pernik BUL"]
[Date "2007.03.15"]
[Round "7.7"]
[White "Bojchev, Marian"]
[Black "Milchev, Nikolay"]
[Result "1-0"]
[WhiteElo "2366"]
[BlackElo "2348"]
[PlyCount "99"]
[EventDate "2007.03.10"]
[EventType "tourn"]
[EventRounds "13"]
[EventCountry "BUL"]
[EventCategory "6"]
[Source "lmi"]
[SourceDate "2007.03.10"]

1. d4 Nf6 2. c4 g6 3. Nc3 Bg7 4. e4 d6 5. f3 O-O 6. Be3 Nc6 7. Qd2 a6 8. Bd3 e5
9. Nge2 Ng4 10. Bg5 f6 11. d5 Nd4 12. Be3 Nxe3 13. Qxe3 f5 14. exf5 gxf5 15.
Qf2 c5 16. dxc6 bxc6 17. Nxd4 exd4 18. Ne2 Qa5+ 19. Kd1 Rb8 20. b3 Rxb3 21.
axb3 Qxa1+ 22. Nc1 Bh6 23. f4 Re8 24. Re1 Re3 25. Rxe3 dxe3 26. Qxe3 Kf8 27. g3
Bg7 28. Qb6 Bb2 29. Qd8+ Kg7 30. Qc7+ Kf6 31. Qxc8 Qxc1+ 32. Ke2 Bc3 33. Qxf5+
Ke7 34. Qxh7+ Kd8 35. Bf5 Qe1+ 36. Kf3 Qd1+ 37. Kg2 Qe2+ 38. Kh3 Qe8 39. Qg6
Qh8+ 40. Kg4 Bf6 41. Qf7 Be7 42. h4 a5 43. h5 Qh6 44. Qg8+ Bf8 45. Qh7 Qxh7 46.
Bxh7 Ke7 47. Be4 c5 48. Kf5 Kf7 49. g4 Bg7 50. Bd5+ 1-0

[Event "71. Campeonato de Bulgaria"]
[Site "Pernik BUL"]
[Date "2007.03.15"]
[Round "8.1"]
[White "Drenchev, Petar"]
[Black "Milchev, Nikolay"]
[Result "1-0"]
[WhiteElo "2430"]
[BlackElo "2348"]
[PlyCount "121"]
[EventDate "2007.03.10"]
[EventType "tourn"]
[EventRounds "13"]
[EventCountry "BUL"]
[EventCategory "6"]
[Source "lmi"]
[SourceDate "2007.03.10"]

1. e4 e5 2. Nf3 Nf6 3. Nc3 Nc6 4. Bb5 Nd4 5. Ba4 Qe7 6. d3 Nxf3+ 7. Qxf3 h6 8.
Qe2 c6 9. f4 d6 10. O-O Bd7 11. Bb3 Be6 12. Be3 Nd7 13. Nd5 Qd8 14. f5 Bxd5 15.
exd5 c5 16. f6 Nxf6 17. Ba4+ Ke7 18. c4 Qa5 19. Bc2 Kd8 20. a3 b6 21. b4 Qa6
22. Bd2 Be7 23. a4 Qc8 24. a5 Ke8 25. Ba4+ Kf8 26. Bc6 Rb8 27. axb6 axb6 28.
Ra7 Qg4 29. Qxg4 Nxg4 30. h3 Nf6 31. Rb1 cxb4 32. Bxb4 Nh5 33. Rba1 g5 34. Rd7
Nf6 35. Rxe7 Kxe7 36. Ra7+ Kf8 37. Bxd6+ Kg7 38. Bxe5 Kg6 39. Bxb8 Rxb8 40. Kf2
Nh5 41. Ke3 Kf6 42. d4 Nf4 43. g3 Nxh3 44. Bd7 g4 45. Bxg4 Re8+ 46. Kd2 Ng5 47.
Kd3 Ne4 48. Bf3 Nxg3 49. d6 Nf5 50. d7 Rd8 51. c5 bxc5 52. dxc5 Ke5 53. Kc4 Ne7
54. Kb5 Ke6 55. c6 Kd6 56. Kb6 f5 57. Kb7 Ng6 58. Ra5 Ne7 59. Ra1 h5 60. Rd1+
Ke6 61. Kc7 1-0

[Event "71. Campeonato de Bulgaria"]
[Site "Pernik BUL"]
[Date "2007.03.15"]
[Round "8.2"]
[White "Yordanov, Nikolay"]
[Black "Bojchev, Marian"]
[Result "0-1"]
[WhiteElo "2237"]
[BlackElo "2366"]
[PlyCount "112"]
[EventDate "2007.03.10"]
[EventType "tourn"]
[EventRounds "13"]
[EventCountry "BUL"]
[EventCategory "6"]
[Source "lmi"]
[SourceDate "2007.03.10"]

1. e4 c5 2. Nc3 Nc6 3. g3 g6 4. Bg2 Bg7 5. d3 d6 6. Be3 e6 7. f4 Nge7 8. Nf3
Nd4 9. O-O Nec6 10. e5 d5 11. Bxd4 cxd4 12. Ne2 Qb6 13. Rb1 O-O 14. b4 a6 15.
Qe1 f6 16. exf6 Bxf6 17. Qf2 Qa7 18. a3 Bd7 19. Nc1 g5 20. Nb3 Rae8 21. Rbe1
gxf4 22. gxf4 Kh8 23. Bh3 a5 24. b5 Nd8 25. a4 Qb8 26. Nfxd4 b6 27. Qd2 Bg7 28.
Kh1 Qd6 29. Rf2 Rf6 30. Rg1 Ref8 31. Ne2 Be8 32. Qe3 Bh6 33. Nbd4 e5 34. Nf5
Rxf5 35. Bxf5 Rxf5 36. Qh3 Qf8 37. Rfg2 Bg6 38. fxe5 Rxe5 39. Qg3 Re3 40. Qh4
Ne6 41. Nd4 Qf4 42. Rg4 Qf8 43. R4g2 Qf4 44. Rg4 Qf8 45. Nxe6 Rxe6 46. R4g3 Kg8
47. Qg4 Re5 48. Rf3 Qe8 49. h4 Bg7 50. Rh3 Rh5 51. d4 Qe4+ 52. Qxe4 Bxe4+ 53.
Kh2 Bf5 54. Rc3 Rxh4+ 55. Kg2 Rg4+ 56. Kf1 Rxg1+ 0-1

[Event "71. Campeonato de Bulgaria"]
[Site "Pernik BUL"]
[Date "2007.03.15"]
[Round "8.3"]
[White "Nikolov, Sasho"]
[Black "Dimitrov, Vladimir"]
[Result "0-1"]
[WhiteElo "2380"]
[BlackElo "2462"]
[PlyCount "54"]
[EventDate "2007.03.10"]
[EventType "tourn"]
[EventRounds "13"]
[EventCountry "BUL"]
[EventCategory "6"]
[Source "lmi"]
[SourceDate "2007.03.10"]

1. g3 c5 2. Bg2 Nc6 3. Nf3 g6 4. O-O Bg7 5. c3 e6 6. d4 cxd4 7. cxd4 d5 8. Nc3
Nge7 9. Bf4 Nf5 10. e3 h6 11. Nb5 g5 12. Nc7+ Kf8 13. Nxa8 gxf4 14. g4 Nd6 15.
exf4 h5 16. Ne5 hxg4 17. Rc1 Qh4 18. Re1 Qxh2+ 19. Kf1 Qxf4 20. Nc7 Nf5 21. Nb5
Bxe5 22. dxe5 Nh4 23. Rc2 Bd7 24. Re3 Nxe5 25. Nd4 Nxg2 26. Kxg2 Rh2+ 27. Kf1
Qh6 0-1

[Event "71. Campeonato de Bulgaria"]
[Site "Pernik BUL"]
[Date "2007.03.15"]
[Round "8.4"]
[White "Genov, Petar"]
[Black "Kozhuharov, Spas"]
[Result "1-0"]
[WhiteElo "2489"]
[BlackElo "2426"]
[PlyCount "25"]
[EventDate "2007.03.10"]
[EventType "tourn"]
[EventRounds "13"]
[EventCountry "BUL"]
[EventCategory "6"]
[Source "lmi"]
[SourceDate "2007.03.10"]

1. d4 d5 2. Nf3 a6 3. Bg5 c5 4. dxc5 f6 5. Bh4 e5 6. e4 dxe4 7. Qxd8+ Kxd8 8.
Nxe5 Nh6 9. Nc3 Bf5 10. O-O-O+ Kc8 11. Na4 Ra7 12. Nc4 Nd7 13. Nab6+ 1-0